000 00940cam a22003015a 4500
003 OSt
005 20151025111526.0
008 150819t1996 nyu||||frb||| 001 0 eng d
020 _a0070695725 (acid-free paper)
020 _a0071148493 :
020 _a9780071148498
040 _aEG-ScBUE
_beng
_cEG-ScBUE
082 0 4 _a658.3
_bWER
_222
100 1 _aWerther, William B.
245 1 0 _aHuman resources and personnel management /
_cWilliam B. Werther, Jr., Keith Davis.
250 _a5th ed.,international ed.
260 _aNew York :
_bMcGraw-Hill,
_cc.1996.
300 _axxxiv; 637 p.
_c24 cm.
490 _aMcGraw-Hill series in management
500 _aIcludes indexes.
500 _aGlossary : p. 586-611.
504 _aIncludes bibliographical references.
590 _adoaa mohamed
650 0 _aPersonnel management.
_2BUEsh
651 _2BUEsh
700 1 _aDavis, Keith,
_d1918-
942 _k658.3W499
_2ddc
999 _c7099
_d4352